000 00656nam a22002177a 4500
003 UA-OsUOA
001 57556
007 ta
008 20081225b un ||||| |||| 00| 0 ukr d
100 _aВахненко Т.П.
090 _a330(477)
_bВ-12
942 _cSA
040 _aUA-OsUOA
_bukr
_cUA-OsUOA
_dUA-OsUOA
245 _aФінансова криза в Україні: фактори, механізми дії, заходи подолання
300 _aС.3-22
955 _a0
041 _aukr
080 _a330(477)
773 0 _w57555
_tФінанси України
_dК.
_d2008
_g10
650 7 _a330 Економіка взагалі
_2UDC
999 _c343638
_d343638